logo

Bir Sreshtho Munshi Abdur Rouf Library
Jhenaidah Cadet College

আমাদের বাঁচার দাবী: (Record no. 11409)

MARC details
000 -LEADER
fixed length control field 00807nam a2200241 a 4500
001 - CONTROL NUMBER
JCCL Control Number 11409
003 - CONTROL NUMBER IDENTIFIER
JCCL marc code BD-JhCC
005 - DATE AND TIME OF LATEST TRANSACTION
control field 20190921090056.0
008 - FIXED-LENGTH DATA ELEMENTS--GENERAL INFORMATION
fixed length control field 190611b 2016bg a|||| ||a| 001 0 ben d
020 ## - INTERNATIONAL STANDARD BOOK NUMBER
International Standard Book Number 9840755080
035 ## - SYSTEM CONTROL NUMBER
system control number (BD-JhCC)11409
040 ## - CATALOGING SOURCE
Original cataloging agency BD-JhCC
Modifying agency BD-JhCC
041 ## - LANGUAGE CODE
Language code of Book ben
082 ## - DEWEY DECIMAL CLASSIFICATION NUMBER
Author mark and Year HAR 2016
Classification number 320.011
100 ## - MAIN ENTRY--PERSONAL NAME
Personal name হারুন-আর-রশিদ
245 ## - TITLE STATEMENT
Title আমাদের বাঁচার দাবী:
Remainder of title ৬ দফা'র ৫০ বছর /
Statement of responsibility, etc হারুন-আর-রশিদ ।
260 ## - PUBLICATION, DISTRIBUTION, ETC. (IMPRINT)
Place of publication, distribution, etc ঢাকা:
Name of publisher, distributor, etc বাংলা একাডেমী;
Date of publication, distribution, etc ২০১৬.
300 ## - PHYSICAL DESCRIPTION
Pagination ১৬৮ পৃ. :
Other physical details ill;
Dimensions ২২ সেমি.
650 ## - SUBJECT ADDED ENTRY--TOPICAL TERM
Topical term or geographic name as entry element Political science
650 ## - SUBJECT ADDED ENTRY--TOPICAL TERM
Topical term or geographic name as entry element six-points
Chronological subdivision 1966
Geographic subdivision Bangladesh
942 ## - ADDED ENTRY ELEMENTS (KOHA)
Source of classification or shelving scheme Dewey Decimal Classification
Koha item type Books
Holdings
Source of classification or shelving scheme Damaged status Not for loan Home library Current library Shelving location Date of accession Cost, normal purchase price Total Checkouts Full call number Barcode Date last seen Copy number Koha item type
Dewey Decimal Classification     JCC Rouf Library JCC Rouf Library General Stacks 06/11/2019 140.00   320.011 RAH 2016 15431 09/11/2019 C-1 Books

JCC Library | Contacts | JCC Home

Last Update on 23 September 2017
Copyright @ 2017-2020 JCC Rouf Library
Rouf Library, Jhenidah Cadet College (JCC), Bangladesh